=LDR 00000nam 2200000 4500 =001 INLIS000000000011399 =005 20130612102951 =008 ***********************************Ind** =035 ##$$0010-061300000011399 =041 ##$$a Ind =082 ##$$a 372.7 =090 ##$$a 372.7, Tum i =100 ##$$a Tumardi =245 ##$$a Implementsi kurikulum Pendidikan dasar 19994 pelajaran matematika untuk SD kelas 1, Tumardi, M Kasium, Sri Utami =260 ##$$a 1994 $b Solo =300 ##$$a 36 hlm., 28 cm =650 ##$$a Pendidikan Dasar - matematika =700 ##$$a Kosim, ma =700 ##$$a Sri utami =850 ##$$a NBPNMAT